Missing Word: Top 100 Rock Songs Quiz Stats

Quiz Updated Mar 5, 2016

Challenge
Share
Tweet
Embed
Score 0/20 Timer 03:00
4 Plays Today
Song Title Missing Word % Correct
Should I ____ Or Should I GoStay
97.9%
____ To HeavenStairway
95.9%
Hotel ____California
95.6%
Brown Eyed ____Girl
93.8%
____ Child O`MineSweet
93.2%
House of the ____ Sun Rising
88.4%
Knockin' on ____ DoorHeaven's
87.4%
____ In The USABorn
87%
More Than a ____Feeling
77.9%
You ____ Me All Night LongShook
74.6%
Song Title Missing Word % Correct
Carry on ____ SonWayward
72.5%
____ and ThemUs
65.1%
Have You Ever Seen the ____?Rain
62.4%
American ____Woman
59.6%
All Along The ____Watchtower
57.9%
Come ____Together
57.6%
Gimme ____ StepsThree
49.4%
Sweet ____Emotion
46.1%
____ of SwingSultans
45.9%
____ on YouCrazy
31.5%

Today's Daily Dose

Missing Word
The Killers Songs

Word Ladder
1967 Film

Quick Pick
Flag Names

On This Day
February 24th II

You're not logged in!

Compare scores with friends on all Sporcle quizzes.
Sign Up with Email
OR
Log In

You Might Also Like...

Show Comments

Extras

Top Quizzes Today


Score Distribution

Your Account Isn't Verified!

In order to create a playlist on Sporcle, you need to verify the email address you used during registration. Go to your Sporcle Settings to finish the process.